000
00293nam a2200121Ia 4500
008
190216s9999||||xx |||||||||||||| ||und||
100
_a
"Mamoria C B ,suri,sathish Maoria"
245
0
_a
Marketing Management
260
_b
Kitab Mahal
_c
1984
300
_a
828p
650
_a
Commerce
942
_c
BK
999
_c
5975
_d
5975